Batman Rogues - Statistics

General Stats
  • This quiz has been taken 162 times
  • The average score is 23 of 26
Answer Stats
Hint Answer % Correct
N/A One of the most iconic villains in history has a clown like appereance Joker
100%
Edward Nygma Commits crimes by using riddles Riddler
100%
Harvey Dent Former defense attorney created a split personality when his half of his face got burnt of Two-Face
100%
Selina Kyle Burglar and one of Batman's love interest Catwoman
99%
Harleen Quinzell Love interest of #1 often wields a huge hammer Harley Quinn
99%
Oswald Cobblepot Crime boss of Gotham wields a weaponized umbrella Penguin
99%
Pamela Isley Former doctor who now became obessed with plants Poison Ivy
99%
N/A Literally broke the bat uses a venom like substance to become super strong Bane
96%
Victor von Fries His body needs to be in a suit because he can't live without the cold also has an ice gun Mr Freeze
96%
Jonathan Crane Created fear toxin and wants to bring out you're biggest fears Scarecrow
96%
Waylon Jones Got an disease which turned him into a huge crocodile Killer Croc
95%
Basil Karlo Former actor who can now shapeshift because he's made out of clay Clayface
94%
Floyd Lawton Never misses a shot master of wielding and using guns and weapons Deadshot
94%
Jason Todd Formerly Robin now a vigilante who does things a little bit differently then Batman Red Hood
93%
Robert Langstrom Scientist who turned himself into a human sized bat Man-Bat
92%
N/A Leader of the League of Assasins uses the Lazarus Pit Ra's Al Ghul
91%
Slade Wilson Master assasin relentless killer and can make a weapon out of everything Deathstroke
89%
Thomas Elliott Friend of Batman when they were younger now wears a lot of bandages over his head Hush
88%
Jervis Tetch Wears a big hat and hypnotises people Mad Hatter
88%
Roman Sionis Crime boss with a skull mask Black Mask
85%
N/A Court of people who wear bird like masks Court of Owls
82%
N/A Expirements on inmates of Arkham Asylum Hugo Strange
81%
Julian Gregory Day Commits crimes by certain days in the year like holidays Calendar Man
76%
Lazlo Valentin Killer with a pig mask one of Batman's weirdest villains Professor Pyg
73%
N/A Serial killer has the number of his kills marked on his body Victor Zsasz
71%
Drury Walker Criminal who is obessed with light he can also fly Killer Moth
67%
No matching quizzes found
Score Distribution
Percent of People with Each Score
Percentile by Number Answered
Your Score History
You have not taken this quiz